| 000 | 00361nam a2200145 a 4500 | ||
|---|---|---|---|
| 001 | 2996 | ||
| 003 | CDMR | ||
| 005 | 20130116135238.0 | ||
| 008 | 130130s1971||||||||||||||||||||||||||||d | ||
| 040 |
_aCDMR _bcat _cCDMR |
||
| 100 | 1 |
_aRicart Oller, José _92203 |
|
| 245 | 1 | 0 |
_aOcio y comunicación de masas _cJosé Ricart Oller |
| 260 |
_aBarcelona _c1971 |
||
| 942 | _cTSN | ||
| 999 |
_c2996 _d2996 |
||